00362nam a2200121Ia 45000010005000000080041000050820025000461000078000712450024001492600024001739010028001979990015002253499241024s9999 xx 000 0 und d aRD/378.04/IN59e/2008 aRepública Dominicana. Instituto de Formación Docente Salomé Ureña 0aEstatuto orgánico bSanto Domingoc2008 a26/11/2013 9:30:01 a.m. c8388d8388